Plantel Sporting Clube de Portugal 23/24 - Statistics

General Stats
  • This quiz has been taken 64 times
  • The average score is 19 of 26
Answer Stats
Answer % Correct
Antonio Adán
98%
Gonçalo Inácio
96%
Viktor Gyökeres
94%
Franco Israel
92%
Pedro Gonçalves
92%
Francisco Trincão
88%
Hidemasa Morita
88%
Sebastián Coates
88%
Eduardo Quaresma
86%
Ousmane Diomande
86%
Ricardo Esgaio
84%
Nuno Santos
82%
Paulinho
82%
Morten Hjulmand
80%
Matheus Reis
78%
Daniel Bragança
76%
Geny Catamo
75%
Jerry St. Juste
73%
Marcus Edwards
71%
Luís Neto
57%
Iván Fresneda
47%
Rodrigo Ribeiro
43%
Dário Essugo
41%
Rafael Pontelo
37%
João Muniz
25%
Rafael Camacho
16%
No matching quizzes found
Score Distribution
Percent of People with Each Score
Percentile by Number Answered
Your Score History
You have not taken this quiz